[Event "Cto de Aragon por Equipos – Preferente Grupo I"]
[Site ""]
[Date "2022.02.05"]
[Round "2.42"]
[White "Garcia Lopez, Alberto Jose"]
[Black "Garcia Acin, Pablo"]
[Result "1-0"]
[WhiteElo "1843"]
[BlackElo "1757"]
[PlyCount "0"]
[WhiteTeam "Delicias B"]
[BlackTeam "IberCaja B"]
[EventDate "2022.01.29"]


1. Nf3 d5 2. g3 e6 3. Bg2 Nf6 4. O-O Be7 5. d3 c5 6. c4 Nc6 7. Na3 O-O 8. Bd2
b6 9. Nc2 Bb7 10. a3 Qc7 11. b4 a6 12. b5 axb5 13. cxb5 Na5 14. Bf4 Bd6 15.
Bxd6 Qxd6 16. Ne3 Rfc8 17. Rc1 Rc7 18. a4 Rac8 19. Nd2 Nd7 20. Nb3 Ra8 21. Nd2
Nf6 22. Nb3 Qe7 23. Nxa5 Rxa5 24. Qb3 Ne8 25. Rc2 Nd6 26. Rfc1 Bc8 27. f4 Rca7
28. f5 Qg5 29. Nxd5 exd5 30. Qxd5 Nxf5 31. e4 Be6 32. Qc6 Qd8 33. exf5 Bxf5 34.
Re1 Rd7 35. Qxb6 Rxa4 36. Bc6 Rd6 37. Rxc5 Be6 38. Qxd8+ Rxd8 39. Bd5 Bd7 40.
Re7 Be8 41. b6 Rb4 42. b7 Kf8 43. Rec7 Rb1+ 44. Kf2 Bd7 45. Bc4 Rb2+ 46. Ke3
Re8+ 47. Kd4 Rd8 48. Kc3 Rb6 49. Rxd7 Rxd7 50. Rc8+ Ke7 51. b8=Q 1-0

[Event "Cto de Aragon por Equipos – Preferente Grupo I"]
[Site ""]
[Date "2022.02.05"]
[Round "2.43"]
[White "Moreno Burillo, Marcos Antonio"]
[Black "Garcia Lopez, Antonio"]
[Result "1-0"]
[WhiteElo "1690"]
[BlackElo "1714"]
[PlyCount "0"]
[WhiteTeam "IberCaja B"]
[BlackTeam "Delicias B"]
[EventDate "2022.01.29"]

1. d4 Nf6 2. Bg5 d5 3. Bxf6 exf6 4. e3 c6 5. c4 Bb4+ 6. Nc3 Be6 7. Qb3 Qa5 8.
a3 Bxc3+ 9. bxc3 Nd7 10. Nf3 O-O 11. c5 b6 12. Qb4 Qxb4 13. cxb4 bxc5 14. bxc5
Rab8 15. Bd3 Rb3 16. Ke2 Rfb8 17. Rhb1 Bg4 18. Bc2 Rb2 19. Kd2 Nf8 20. Ne1 Ng6
21. Nd3 Rxb1 22. Rxb1 Rxb1 23. Bxb1 Bf5 24. Bc2 Nh4 25. Ba4 Bd7 26. Nf4 Kf8 27.
Nxd5 a5 28. Nb6 Be8 29. Nc4 Nxg2 30. Nxa5 Nh4 31. Ke2 Nf5 32. Bxc6 Ne7 33. Bxe8
Kxe8 34. Nb7 Kd7 35. a4 Nd5 36. Kd3 f5 37. Nd6 Ke6 38. Kc4 g5 39. Nxf5 1-0

[Event "Cto de Aragon por Equipos – Preferente Grupo I"]
[Site ""]
[Date "2022.02.05"]
[Round "2.44"]
[White "Jarabo Marin, Pablo"]
[Black "Barranco Castillo, Jose Antonio"]
[Result "0-1"]
[WhiteElo "1309"]
[BlackElo "1630"]
[PlyCount "0"]
[WhiteTeam "Delicias B"]
[BlackTeam "IberCaja B"]
[EventDate "2022.01.29"]

1. e4 d6 2. d4 Nf6 3. Bd3 e5 4. d5 Be7 5. Ne2 c6 6. c4 Nbd7 7. f3 h6 8. Be3 Nh7
9. Nbc3 Bg5 10. Qd2 Bxe3 11. Qxe3 Qb6 12. Qd2 a5 13. Na4 Qb4 14. Nec3 Nc5 15.
a3 Qb3 16. Bc2 Qxc4 17. Nb6 Qa6 18. Nxa8 Qxa8 19. O-O Qb8 20. Rfd1 Ke7 21. b4
axb4 22. axb4 Na6 23. Ne2 c5 24. bxc5 Nxc5 25. Re1 Nf6 26. Ng3 g6 27. f4 Nfd7
28. Ra3 Qc7 29. Rf3 Rh7 30. Ref1 exf4 31. Rxf4 Ne5 32. Qf2 Ncd7 33. Bd1 Qc5 34.
Ba4 Qxf2+ 35. R4xf2 Nc5 36. Bb5 h5 37. h4 Bg4 38. Be2 Bd7 39. Rb1 Rh8 40. Bf1
Ra8 41. Rfb2 Bc8 42. Kf2 Ncd3+ 43. Bxd3 Nxd3+ 44. Kf3 Nxb2 45. Rxb2 f6 46. Kf4
Rb8 47. Nf1 b5 48. Ne3 Bd7 49. Nc4 g5+ 50. hxg5 fxg5+ 51. Kxg5 Rg8+ 52. Kxh5
bxc4 53. Rc2 Kf6 54. Rxc4 Rh8# 0-1

[Event "Cto de Aragon por Equipos – Preferente Grupo I"]
[Site ""]
[Date "2022.02.05"]
[Round "2.45"]
[White "Antonano Fernandez - Quincoces, Avelino"]
[Black "Muro Guerrero, Miguel"]
[Result "1/2-1/2"]
[WhiteElo "2024"]
[BlackElo "1906"]
[PlyCount "0"]
[WhiteTeam "MyInvestor Casablanca B"]
[BlackTeam "Dr. Azua"]
[EventDate "2022.01.29"]

1. e4 e5 2. Nf3 Nc6 3. d4 exd4 4. Bc4 Nf6 5. e5 d5 6. Bb5 Ne4 7. Nxd4 Bc5 8.
Be3 Bd7 9. Bxc6 bxc6 10. O-O O-O 11. f3 Ng5 12. f4 Ne4 13. Nd2 Nxd2 14. Qxd2
Bb6 15. Nb3 Qe7 16. Qc3 f6 17. Bc5 fxe5 18. fxe5 Rxf1+ 19. Rxf1 Rf8 20. Rxf8+
Qxf8 21. h3 Qf4 22. e6 Bxe6 23. Bxb6 cxb6 24. Qxc6 Qe3+ 25. Kh1 Qe1+ 26. Kh2
Qe5+ 27. Kh1 Qe1+ 28. Kh2 1/2-1/2

[Event "Cto de Aragon por Equipos – Preferente Grupo I"]
[Site ""]
[Date "2022.02.05"]
[Round "2.46"]
[White "Cajo Esteban, Ruben"]
[Black "Torres Montes, Juan"]
[Result "1/2-1/2"]
[WhiteElo "1868"]
[BlackElo "1543"]
[PlyCount "0"]
[WhiteTeam "Dr. Azua"]
[BlackTeam "MyInvestor Casablanca B"]
[EventDate "2022.01.29"]

1. d4 b6 2. c4 e6 3. Nc3 Bb7 4. e4 d6 5. Bd3 Nd7 6. Nge2 g6 7. O-O Bg7 8. f3
Ne7 9. Bg5 h6 10. Be3 e5 11. d5 g5 12. g4 Ng6 13. Ng3 Nh4 14. b4 a6 15. Na4 c5
16. bxc5 bxc5 17. Rb1 Rb8 18. Rf2 O-O 19. Rfb2 Qc7 20. Kf2 Ba8 21. Qe1 Rxb2+
22. Rxb2 Rb8 23. Qb1 Rxb2+ 24. Qxb2 Qb7 25. Qxb7 Bxb7 26. Bd2 Bf6 27. Ba5 Kf8
28. Bc2 Ke8 29. Bc7 Be7 30. Nc3 Bc8 31. Ba4 Kf8 32. Bc6 Nf6 33. h3 Ne8 34. Bb8
Nf6 35. a3 Ne8 36. Na4 a5 37. Nb6 Ba6 38. Bb5 Bxb5 39. cxb5 Bd8 40. Na4 Ke7
1/2-1/2

[Event "Cto de Aragon por Equipos – Preferente Grupo I"]
[Site ""]
[Date "2022.02.05"]
[Round "2.47"]
[White "Lazaro Abadias, Andres"]
[Black "Garcia Garcia, Enrique"]
[Result "1/2-1/2"]
[WhiteElo "1526"]
[BlackElo "1788"]
[PlyCount "0"]
[WhiteTeam "MyInvestor Casablanca B"]
[BlackTeam "Dr. Azua"]
[EventDate "2022.01.29"]

1. c4 c5 2. g3 Nc6 3. Bg2 g6 4. e3 Bg7 5. Ne2 e6 6. d4 cxd4 7. Nxd4 Nxd4 8.
exd4 Ne7 9. Nc3 O-O 10. O-O Nf5 11. Be3 Qb6 12. Na4 Qa5 13. b3 d5 14. cxd5 exd5
15. Rc1 Be6 16. Rc5 Qd8 17. Qd2 b6 18. Rc2 Qd7 19. Rfc1 Rac8 20. Nc3 Rfe8 21.
Ne2 Nxe3 22. fxe3 Rxc2 23. Rxc2 Bf5 24. Rc3 Bf8 25. Qc1 Bh6 26. Nf4 Bxf4 27.
exf4 Be4 28. Bf1 Qg4 29. h3 Qf5 30. Rc7 Qf6 31. Qc3 g5 32. fxg5 Qxg5 33. Rxa7
Bf5 34. h4 Qf6 35. Rc7 Re6 36. a4 Qh6 37. Kh2 Qh5 38. Qb4 Re2+ 39. Kg1 Re3 40.
Rc3 Qf3 41. Rxe3 Qxe3+ 42. Kg2 Be4+ 43. Kh3 Qf2 44. Qb5 Bf5+ 45. g4 Qf3+ 46.
Kh2 Qf2+ 47. Kh3 Qf3+ 48. Kh2 Qf2+ 1/2-1/2

[Event "Cto de Aragon por Equipos – Preferente Grupo I"]
[Site ""]
[Date "2022.02.05"]
[Round "2.48"]
[White "Abenia Porroche, Roberto"]
[Black "Martinez Ramis, Rafael"]
[Result "1-0"]
[WhiteElo "1670"]
[BlackElo "1362"]
[PlyCount "0"]
[WhiteTeam "Dr. Azua"]
[BlackTeam "MyInvestor Casablanca B"]
[EventDate "2022.01.29"]

1. Nf3 c5 2. g3 Nc6 3. c4 Nf6 4. Nc3 g6 5. Bg2 Bg7 6. O-O Rb8 7. d4 cxd4 8.
Nxd4 O-O 9. Bf4 d6 10. Bxc6 e5 11. Bg2 exf4 12. Ndb5 fxg3 13. hxg3 Qb6 14. Qxd6
Qxd6 15. Nxd6 Nd7 16. Rac1 b6 17. b3 Ba6 18. Bh3 f5 19. Bg2 h6 20. Nd5 Bf6 21.
Nb4 Bb2 22. Rc2 Ba3 23. Nxa6 Bxd6 24. Rd2 Nc5 25. Nxb8 Bxb8 26. b4 Na6 27. a3
Re8 28. e3 Nc7 29. Rd7 Kh8 30. Rfd1 Ne6 31. Bd5 Ng5 32. Kg2 Nh7 33. Bf7 Re4 34.
Bxg6 Ng5 35. Rd8+ Kg7 36. Bxf5 Rxc4 37. Rxb8 1-0

[Event "Cto de Aragon por Equipos – Preferente Grupo I"]
[Site ""]
[Date "2022.02.05"]
[Round "2.49"]
[White "Montes Santos, Lorenzo"]
[Black "Sanjuan Segura, Ignacio"]
[Result "0-1"]
[WhiteElo "2048"]
[BlackElo "1681"]
[PlyCount "0"]
[WhiteTeam "Las Fuentes"]
[BlackTeam "Palacio De Pioneros D"]
[EventDate "2022.01.29"]

1. Nf3 Nf6 2. c4 e6 3. Nc3 Bb4 4. Qc2 O-O 5. g3 b6 6. Bg2 Bb7 7. O-O d5 8. a3
Bxc3 9. Qxc3 c5 10. d3 d4 11. Qc2 Nc6 12. e3 Qc7 13. e4 Nd7 14. Bd2 a6 15. h3
b5 16. b3 Rab8 17. Nh2 Ba8 18. f4 f6 19. g4 Rb6 20. f5 exf5 21. Rxf5 Qb8 22.
Rf2 Nce5 23. Bf4 bxc4 24. bxc4 Qb7 25. Ra2 Rb1+ 26. Bf1 Rb8 27. Bc1 Qb3 28. Nf3
Nxf3+ 29. Rxf3 Rxc1 30. Qxc1 Qxa2 31. g5 Qb2 32. Qf4 Qb6 33. Rg3 Rf8 34. Qg4
Ne5 35. Qh5 Qe6 36. h4 Qf7 37. Qd1 fxg5 38. hxg5 Qf2+ 0-1

[Event "Cto de Aragon por Equipos – Preferente Grupo I"]
[Site ""]
[Date "2022.02.05"]
[Round "2.50"]
[White "Insa Castillo, Jose Manuel"]
[Black "Brosa Soto, Jesus"]
[Result "0-1"]
[WhiteElo "1612"]
[BlackElo "1966"]
[PlyCount "0"]
[WhiteTeam "Palacio De Pioneros D"]
[BlackTeam "Las Fuentes"]
[EventDate "2022.01.29"]

1. d4 d5 2. Nc3 Nf6 3. Bf4 c6 4. e3 Bf5 5. f3 h6 6. g4 Bh7 7. h4 Nbd7 8. Bd3
Bxd3 9. Qxd3 e6 10. Nge2 Bb4 11. O-O-O Qa5 12. Kb1 Nb6 13. e4 O-O-O 14. a3 Be7
15. Nc1 Nc4 16. Nb3 Qa6 17. Bc1 b5 18. g5 hxg5 19. hxg5 Nd7 20. exd5 cxd5 21.
Rh7 Rhg8 22. g6 f5 23. Re1 Nf8 24. Rh5 Nxg6 25. Rxf5 exf5 26. Qxf5+ Kb8 27. Re6
Rd6 28. Rxg6 Rxg6 29. Bf4+ Rd6 30. Qf7 Rf8 31. Qxe7 Rxf4 32. Qe8+ Qc8 33. Qxb5+
Rb6 34. Qxd5 Rf5 35. Qe4 Rxb3 36. Qe2 Rxc3 0-1

[Event "Cto de Aragon por Equipos – Preferente Grupo I"]
[Site ""]
[Date "2022.02.05"]
[Round "2.51"]
[White "Matamoros Villarreal, Antonio"]
[Black "Campana Valencia, Lidia"]
[Result "1-0"]
[WhiteElo "1883"]
[BlackElo "1560"]
[PlyCount "0"]
[WhiteTeam "Las Fuentes"]
[BlackTeam "Palacio De Pioneros D"]
[EventDate "2022.01.29"]


1. d4 e6 2. Bf4 d5 3. e3 Bd6 4. c3 Nf6 5. Nd2 O-O 6. Bd3 c5 7. Ngf3 Qc7 8. Ne5
Nfd7 9. Ndf3 Nxe5 10. dxe5 Be7 11. h4 Nc6 12. Bxh7+ Kh8 13. Bc2 c4 14. Ng5 g6
15. h5 Kg8 16. hxg6 Bxg5 17. Rh8+ Kg7 18. Rh7+ Kg8 19. Qh5 1-0

[Event "Cto de Aragon por Equipos – Preferente Grupo I"]
[Site ""]
[Date "2022.02.05"]
[Round "2.52"]
[White "Herranz Gracia, Diego"]
[Black "Querol Soro, Sergio"]
[Result "0-1"]
[WhiteElo "1460"]
[BlackElo "1845"]
[PlyCount "0"]
[WhiteTeam "Palacio De Pioneros D"]
[BlackTeam "Las Fuentes"]
[EventDate "2022.01.29"]

1. d4 Nf6 2. Bf4 g6 3. Nc3 Bg7 4. e4 d6 5. Qd2 h6 6. f3 a6 7. a3 b5 8. Bd3 Nc6
9. Nge2 e5 10. Be3 exd4 11. Nxd4 Nxd4 12. Bxd4 Be6 13. Be3 Rb8 14. g4 b4 15.
axb4 Rxb4 16. Bxa6 Rxb2 17. Bb5+ Nd7 18. Bd4 O-O 19. Bxg7 Kxg7 20. Rb1 Rxb1+
21. Nxb1 Qf6 22. Qc3 Ne5 23. Ke2 Rb8 24. Na3 Rxb5 25. Nxb5 Bc4+ 26. Kd2 Bxb5
27. Qxc7 Qxf3 28. Rb1 Nc4+ 0-1

[Event "Cto de Aragon por Equipos – Preferente Grupo I"]
[Site ""]
[Date "2022.02.12"]
[Round "3.33"]
[White "Sanjuan Segura, Ignacio"]
[Black "Carruez Berges, Fernando"]
[Result "1-0"]
[WhiteElo "1681"]
[BlackElo "2012"]
[PlyCount "0"]
[WhiteTeam "Palacio De Pioneros D"]
[BlackTeam "Agrupacion B"]
[EventDate "2022.01.29"]

1. c4 e5 2. Nc3 d6 3. Nf3 c6 4. e4 Nd7 5. d4 Ngf6 6. d5 c5 7. Bd3 Be7 8. O-O
O-O 9. a3 Re8 10. Be3 b6 11. Nd2 Nf8 12. f3 Ng6 13. b4 Bd7 14. Rb1 Rb8 15. Qc2
Nh5 16. bxc5 bxc5 17. Rxb8 Qxb8 18. g3 Qd8 19. Rb1 Bg5 20. Bf2 Qf6 21. Be2 Bh3
22. Nf1 Nhf4 23. gxf4 Bxf4 24. Ng3 Nh4 25. Qd3 Bg2 26. Nd1 Qg5 27. Rb3 h5 28.
Nc3 Bh3 29. Bf1 Bxf1 30. Kxf1 Ng6 31. Ke1 h4 32. Nf1 Qg2 33. Qe2 Bxh2 34. Nxh2
Qxh2 35. Be3 Qh1+ 36. Kd2 Nf4 37. Bxf4 exf4 38. Rb1 Qh3 39. Qf2 g5 40. Ne2 Qd7
41. Qg2 f6 42. Nc3 Qe7 43. Qg4 Qe5 44. Ne2 Kg7 45. Rb7+ Kg6 46. Qd7 1-0

[Event "Cto de Aragon por Equipos – Preferente Grupo I"]
[Site ""]
[Date "2022.02.12"]
[Round "3.34"]
[White "Garcia Morales, Roberto"]
[Black "Insa Castillo, Jose Manuel"]
[Result "1/2-1/2"]
[WhiteElo "1980"]
[BlackElo "1612"]
[PlyCount "0"]
[WhiteTeam "Agrupacion B"]
[BlackTeam "Palacio De Pioneros D"]
[EventDate "2022.01.29"]


1. e4 e5 2. Nf3 Nc6 3. Bb5 a6 4. Ba4 Nf6 5. d3 b5 6. Bb3 Be7 7. c3 O-O 8. O-O
d6 9. Re1 Na5 10. Bc2 c5 11. Nbd2 Nc6 12. Nf1 Re8 13. Ng3 g6 14. Bg5 Qc7 15. h3
Nd8 16. Qd2 Ne6 17. Bh6 Bb7 18. Rad1 Rac8 19. Bb1 c4 20. d4 Red8 21. d5 Nc5 22.
Nf5 Bf8 23. Qg5 Ne8 24. Nh2 f6 25. Qg3 Ng7 26. Nh4 Nh5 27. Qe3 Bxh6 28. Qxh6
Qg7 29. Qxg7+ Kxg7 30. g3 a5 31. Bc2 Ra8 32. Nf1 b4 33. Ne3 Ba6 34. Nf3 Rdc8
35. Nd2 b3 36. Bb1 bxa2 37. Bxa2 Nd3 38. Nexc4 Nxe1 39. Rxe1 Rcb8 40. Rb1 f5
41. b4 Bxc4 42. Bxc4 axb4 43. cxb4 Ra4 44. b5 fxe4 45. Kf1 e3 46. fxe3 Nxg3+
47. Ke1 Ra3 48. Kf2 Nf5 49. e4 Nd4 50. b6 Rxh3 51. Bf1 Rc3 52. b7 Ra3 53. Rb6
h5 54. Nc4 Rf3+ 55. Kg2 Rf6 56. Nxd6 Rxd6 57. Rxd6 Rxb7 58. Rd8 Kf6 59. d6 Ne6
60. Ra8 Rd7 61. Ra6 Nc5 62. Bb5 Nxa6 63. Bxd7 Nc5 64. Be8 Nxe4 65. d7 Ke7 66.
Bxg6 Nf6 67. Kg3 Kxd7 68. Kh4 Ke6 69. Kg5 Nd5 70. Bxh5 1/2-1/2

[Event "Cto de Aragon por Equipos – Preferente Grupo I"]
[Site ""]
[Date "2022.02.12"]
[Round "3.35"]
[White "Campana Valencia, Lidia"]
[Black "Carruez Berges, Santiago"]
[Result "0-1"]
[WhiteElo "1560"]
[BlackElo "1971"]
[PlyCount "0"]
[WhiteTeam "Palacio De Pioneros D"]
[BlackTeam "Agrupacion B"]
[EventDate "2022.01.29"]


1. e4 e5 2. Nf3 Nc6 3. Bc4 Nf6 4. d3 Bc5 5. c3 d6 6. Be3 Bb6 7. O-O O-O 8. Bb3
d5 9. Bxb6 axb6 10. exd5 Nxd5 11. Re1 Re8 12. Nbd2 Bf5 13. Nc4 Qf6 14. Ba4 Bg4
15. Bxc6 Bxf3 16. Qxf3 bxc6 17. Qg3 Nf4 18. Re4 Re6 19. d4 Nh5 20. Qg4 exd4 21.
Rxe6 Qxe6 22. Qxe6 fxe6 23. cxd4 Rd8 24. Rd1 c5 25. Ne5 cxd4 26. Kf1 c5 27. b3
Nf4 28. Rd2 Kf8 29. g3 Nd5 30. Ke2 Ra8 31. a4 Ke7 32. Nc6+ Kd6 33. Nxd4 cxd4
34. Rxd4 Rc8 35. Kd2 Ke5 36. Rh4 Nf6 37. Rb4 Rc6 38. f4+ Kf5 39. Rb5+ Nd5 40.
a5 bxa5 41. Rxa5 Rb6 42. Kc2 g6 43. Ra7 Rc6+ 44. Kb2 Rc7 45. Ra5 Kg4 46. Ra6
Re7 47. Kc1 Kh3 48. Ra2 Rc7+ 49. Kd2 Kxh2 50. Kd3+ Kxg3 51. Kd4 Rb7 52. Rb2
Kxf4 53. Kc5 g5 54. Kd6 Rb6+ 0-1

[Event "Cto de Aragon por Equipos – Preferente Grupo I"]
[Site ""]
[Date "2022.02.12"]
[Round "3.36"]
[White "Carruez Gracia, Eduardo"]
[Black "Martinez Arbones, Victor"]
[Result "1-0"]
[WhiteElo "1934"]
[BlackElo "1564"]
[PlyCount "0"]
[WhiteTeam "Agrupacion B"]
[BlackTeam "Palacio De Pioneros D"]
[EventDate "2022.01.29"]


1. e4 e6 2. d4 d5 3. Nc3 Nf6 4. Bg5 Be7 5. e5 Nfd7 6. h4 c5 7. Bxe7 Qxe7 8. Nb5
Kd8 9. Qg4 cxd4 10. Qxg7 Qf8 11. Qg5+ Qe7 12. Qf4 Qb4+ 13. c3 Qxb2 14. Rd1 Nc6
15. Qg5+ Ne7 16. Rh3 Rg8 17. Qh5 dxc3 18. Nxc3 b6 19. Qxh7 Qb4 20. Rb1 Qd4 21.
Re3 Ke8 22. Nb5 Qa4 23. Nc7+ Kd8 24. Nxa8 Bb7 25. Bb5 Qxa2 26. Re2 Qa5+ 27. Kf1
Bxa8 28. Nf3 d4 29. Ng5 a6 30. Bd3 Nxe5 31. Rxe5 1-0

[Event "Cto de Aragon por Equipos – Preferente Grupo I"]
[Site ""]
[Date "2022.02.12"]
[Round "3.37"]
[White "Muro Guerrero, Miguel"]
[Black "Malo Guillen, Jose Luis"]
[Result "1/2-1/2"]
[WhiteElo "1906"]
[BlackElo "2118"]
[PlyCount "0"]
[WhiteTeam "Dr. Azua"]
[BlackTeam "Las Fuentes"]
[EventDate "2022.01.29"]

1. e4 e5 2. Nf3 Nc6 3. d4 exd4 4. Nxd4 Bc5 5. Be3 Qf6 6. c3 Nge7 7. Bc4 b6 8.
O-O O-O 9. f4 d5 10. e5 Qh6 11. Bb5 Nxe5 12. h3 Nc4 13. Bxc4 dxc4 14. Qf3 Bxd4
15. Bxd4 Qc6 16. Nd2 Be6 17. Qxc6 Nxc6 18. Bf2 Rad8 19. Nf3 Rd3 20. Rad1 Rfd8
21. Nd4 Nxd4 22. cxd4 Kf8 23. Rfe1 Re8 24. Rxd3 cxd3 25. Re3 Bf5 26. Rxe8+ Kxe8
27. Be3 Kd7 28. Kf2 Be4 29. Bd2 Kd6 30. g4 f5 31. Ke3 Kd5 32. g5 a5 33. Bc3 a4
34. a3 g6 35. h4 Kc4 36. Kd2 Kb3 37. Kd1 c6 38. Kd2 b5 39. Kc1 Ka2 40. Kd2 Kb1
41. Kd1 Bf3+ 42. Kd2 Be2 43. d5 cxd5 44. Be5 Bf1 45. Bd4 Ka2 46. Kc3 d2 47.
Kxd2 Kb3 48. Be5 Kc4 49. Ke3 1/2-1/2

[Event "Cto de Aragon por Equipos – Preferente Grupo I"]
[Site ""]
[Date "2022.02.12"]
[Round "3.38"]
[White "Montes Santos, Lorenzo"]
[Black "Garcia Garcia, Enrique"]
[Result "1/2-1/2"]
[WhiteElo "2048"]
[BlackElo "1788"]
[PlyCount "0"]
[WhiteTeam "Las Fuentes"]
[BlackTeam "Dr. Azua"]
[EventDate "2022.01.29"]


1. Nf3 Nf6 2. c4 e6 3. g3 d5 4. Bg2 Be7 5. O-O O-O 6. b3 c5 7. Bb2 Nc6 8. cxd5
Nxd5 9. d3 Bf6 10. Qc1 b6 11. Nbd2 Bb7 12. Nc4 Bxb2 13. Qxb2 Qf6 14. Qxf6 gxf6
15. Rac1 Rfd8 16. Rfd1 Rac8 17. Ne3 Nd4 18. Nxd4 cxd4 19. Nxd5 Bxd5 20. Bxd5
exd5 21. e3 Rc3 22. exd4 Rdc8 23. Rxc3 Rxc3 24. Rd2 a5 25. Kf1 Kg7 26. Ke2 Kg6
27. Ke3 Kf5 28. h3 h5 29. Kf3 Kg5 30. Ke3 b5 31. f4+ Kf5 32. Rg2 Rc1 33. g4+
hxg4 34. hxg4+ Kg6 35. g5 f5 36. Rh2 Re1+ 37. Kf2 Ra1 38. Rh6+ Kg7 39. Rb6
1/2-1/2

[Event "Cto de Aragon por Equipos – Preferente Grupo I"]
[Site ""]
[Date "2022.02.12"]
[Round "3.39"]
[White "Abenia Porroche, Roberto"]
[Black "Matamoros Villarreal, Antonio"]
[Result "1/2-1/2"]
[WhiteElo "1670"]
[BlackElo "1883"]
[PlyCount "0"]
[WhiteTeam "Dr. Azua"]
[BlackTeam "Las Fuentes"]
[EventDate "2022.01.29"]

1. d4 Nf6 2. Nf3 b6 3. Bg5 Ne4 4. Bh4 Bb7 5. Nbd2 g6 6. e3 Bg7 7. Nxe4 Bxe4 8.
Bd3 Bxd3 9. Qxd3 d5 10. O-O O-O 11. Rac1 Nd7 12. c4 dxc4 13. Rxc4 Re8 14. Rc6
Nb8 15. Rc2 a5 16. Qc4 Na6 17. a3 c5 18. d5 Qd7 19. Rd2 b5 20. Qf4 Qd6 21. Qxd6
exd6 22. Bg3 Rad8 23. Re1 f5 24. Ng5 Be5 1/2-1/2

[Event "Cto de Aragon por Equipos – Preferente Grupo I"]
[Site ""]
[Date "2022.02.12"]
[Round "3.40"]
[White "Querol Soro, Sergio"]
[Black "Casanova Gracia, Luis"]
[Result "1-0"]
[WhiteElo "1845"]
[BlackElo "1566"]
[PlyCount "0"]
[WhiteTeam "Las Fuentes"]
[BlackTeam "Dr. Azua"]
[EventDate "2022.01.29"]

1. b4 e5 2. Bb2 d6 3. e3 Nf6 4. b5 a6 5. a4 axb5 6. axb5 Rxa1 7. Bxa1 Bg4 8.
Be2 Bxe2 9. Nxe2 c6 10. c4 Nbd7 11. O-O Be7 12. Ng3 g6 13. f4 exf4 14. Rxf4 O-O
15. Nc3 Nc5 16. Qc2 Qa5 17. Rf1 Ra8 18. Nce4 Nfxe4 19. Nxe4 Qa3 20. Nxc5 dxc5
21. Qe4 Bf8 22. Qe5 1-0

[Event "Cto de Aragon por Equipos – Preferente Grupo I"]
[Site ""]
[Date "2022.02.12"]
[Round "3.41"]
[White "Molina Pastor, Francisco"]
[Black "Chueca Lorente, Javier"]
[Result "0-1"]
[WhiteElo "1999"]
[BlackElo "2119"]
[PlyCount "0"]
[WhiteTeam "Delicias B"]
[BlackTeam "MyInvestor Casablanca B"]
[EventDate "2022.01.29"]

1. Nf3 c5 2. c4 g6 3. Nc3 Bg7 4. g3 Nc6 5. Bg2 Nh6 6. O-O O-O 7. d3 Nf5 8. Bd2
a6 9. Rb1 Rb8 10. a3 d6 11. b4 Nfd4 12. Ne1 Bg4 13. h3 Bd7 14. e3 Nf5 15. Qe2
b6 16. Nf3 h5 17. Rfd1 Qc8 18. b5 axb5 19. Nxb5 Ne5 20. Ng5 Bc6 21. Ne4 Qb7 22.
Nbc3 Qa8 23. Be1 Nxc4 24. dxc4 Bxc3 25. Bxc3 Bxe4 26. Bxe4 Qxe4 27. Rb3 Ra8 28.
Qb2 Qxc4 29. Rxb6 Qe4 30. Qb3 c4 31. Qb2 Qf3 32. Rd2 Nxg3 33. fxg3 Qxg3+ 34.
Rg2 Qxe3+ 35. Kf1 Rxa3 36. Bd4 Qd3+ 37. Ke1 Qe4+ 38. Kf1 Rf3+ 39. Kg1 Rxh3 0-1

[Event "Cto de Aragon por Equipos – Preferente Grupo I"]
[Site ""]
[Date "2022.02.12"]
[Round "3.42"]
[White "Antonano Fernandez - Quincoces, Avelino"]
[Black "Gaspar Calvo, Luis Alberto"]
[Result "1/2-1/2"]
[WhiteElo "2024"]
[BlackElo "1835"]
[PlyCount "0"]
[WhiteTeam "MyInvestor Casablanca B"]
[BlackTeam "Delicias B"]
[EventDate "2022.01.29"]

1. e4 c5 2. Nf3 g6 3. d4 cxd4 4. Qxd4 Nf6 5. Nc3 Nc6 6. Qa4 d6 7. e5 dxe5 8.
Nxe5 Bg7 9. Bb5 O-O 10. Nxc6 bxc6 11. Bxc6 Rb8 12. O-O Bf5 13. Rb1 Qc7 14. Bf3
Rfd8 15. Be3 a5 16. Rfc1 Rb4 17. Qc6 Qb8 18. Qa6 Rxb2 19. Rxb2 Qxb2 20. Qxa5
Rc8 21. Nd1 Qb8 22. c4 Ng4 23. Bxg4 Bxg4 24. c5 Be5 25. h3 Bd7 26. Nc3 Bc6 27.
Ne2 Qb7 28. Rd1 Bc7 29. Qc3 Bxg2 30. Bh6 e5 31. Nf4 Bf3 32. Rd3 Qb1+ 33. Kh2
Qh1+ 34. Kg3 exf4+ 35. Kh4 g5+ 36. Bxg5 Bd5 37. Qd4 Rd8 38. Bxd8 Bxd8+ 39. Kg4
Be6+ 40. Kh5 Be7 41. Qxf4 f5 42. Rg3+ Kf7 43. Qe5 Qd1+ 44. f3 Bf6 45. Qc7+ Ke8
46. Qc6+ Kf7 47. Qc7+ Be7 48. Rg7+ Kxg7 49. Qxe7+ Bf7+ 50. Kg5 h6+ 51. Kxf5
Qxf3+ 52. Ke5 Qg3+ 53. Kd4 Qg1+ 54. Ke5 Qe3+ 55. Kd6 Qxe7+ 56. Kxe7 Bxa2 57. c6
Bd5 58. c7 Bb7 59. Kd8 Kg6 60. c8=Q Bxc8 61. Kxc8 h5 62. Kd7 Kf5 63. Kd6 h4 64.
Kd5 Kf4 65. Kd4 1/2-1/2

[Event "Cto de Aragon por Equipos – Preferente Grupo I"]
[Site ""]
[Date "2022.02.12"]
[Round "3.43"]
[White "Hernandez Bolea, Jorge"]
[Black "Ayensa Garcia, Miguel Angel"]
[Result "0-1"]
[WhiteElo "1245"]
[BlackElo "1918"]
[PlyCount "0"]
[WhiteTeam "Delicias B"]
[BlackTeam "MyInvestor Casablanca B"]
[EventDate "2022.01.29"]

1. e4 c5 2. Nc3 g6 3. f4 Bg7 4. Nf3 Nc6 5. Bc4 e6 6. O-O Nge7 7. a4 d5 8. exd5
exd5 9. Bb5 O-O 10. Qe1 Bg4 11. Bxc6 Nxc6 12. Qg3 Bxf3 13. Rxf3 Nd4 14. Rf1
Nxc2 15. Rb1 Nd4 16. b4 cxb4 17. Rxb4 Rc8 18. Qd3 Nf5 19. Rxb7 d4 20. Ne2 Re8
21. Ng3 Nxg3 22. Qxg3 d3 23. f5 Be5 24. Qf3 g5 25. Kh1 Rc4 26. Qh5 Qf6 27. g3
Qc6+ 28. Qf3 Rxc1 29. Qxc6 Rxc6 30. Rxa7 Rc2 31. Re1 Rxd2 32. Ra5 Re2 33. Rd1
d2 0-1

[Event "Cto de Aragon por Equipos – Preferente Grupo I"]
[Site ""]
[Date "2022.02.12"]
[Round "3.44"]
[White "Martinez Ramis, Rafael"]
[Black "Martinez Blanco, Ruben"]
[Result "1-0"]
[WhiteElo "1362"]
[BlackElo "1051"]
[PlyCount "0"]
[WhiteTeam "MyInvestor Casablanca B"]
[BlackTeam "Delicias B"]
[EventDate "2022.01.29"]

1. c4 c5 2. Nc3 Nc6 3. g3 g6 4. Bg2 Bg7 5. d3 e5 6. Nf3 Nge7 7. O-O O-O 8. Rb1
d6 9. Ne1 f5 10. Bg5 h6 11. Bxe7 Nxe7 12. e3 g5 13. Nc2 f4 14. exf4 exf4 15. d4
g4 16. gxf4 Ng6 17. Nd5 Nxf4 18. Nxf4 Rxf4 19. dxc5 Qf6 20. cxd6 Bf5 21. b3 Rf8
22. d7 Rd8 23. Qd2 Be6 24. Bd5 Rf5 25. Rfe1 Bxd5 26. cxd5 Rxd7 27. Ne3 Rf3 28.
Kg2 h5 29. Rbc1 Qh4 30. Rc8+ Rd8 31. Rxd8+ Qxd8 32. d6 Rh3 33. Qd5+ Kh8 34. Nf5
Bf8 35. Qf7 Qc8 36. Qd5 Qd7 37. Qe5+ Kg8 38. Rc1 Rf3 39. Ne7+ Kh7 40. Qxh5+ Bh6
41. Qg6+ 1-0